Systems analysis for production operations / (Record no. 49)
[ view plain ]
| 000 -LEADER | |
|---|---|
| fixed length control field | 00706nam a2200217 i 4500 |
| 005 - DATE AND TIME OF LATEST TRANSACTION | |
| control field | 20131008082016.0 |
| 008 - FIXED-LENGTH DATA ELEMENTS--GENERAL INFORMATION | |
| fixed length control field | 760408s1976 nyua b 000 0 eng |
| 020 ## - INTERNATIONAL STANDARD BOOK NUMBER | |
| International Standard Book Number | 067704710X |
| 041 0# - LANGUAGE CODE | |
| Language code of text/sound track or separate title | eng |
| 080 ## - UNIVERSAL DECIMAL CLASSIFICATION NUMBER | |
| Universal Decimal Classification number | 005 |
| 100 1# - Rafti | |
| Rafti | Pegels, C. Carl. |
| 245 10 - TITLE STATEMENT | |
| Title | Systems analysis for production operations / |
| Statement of responsibility, etc | C. Carl Pegels. |
| 260 ## - | |
| -- | New York : |
| -- | Gordon and Breach Science Publishers, |
| -- | c1976. |
| 300 ## - | |
| -- | xvi, 471 p. : |
| -- | ill. ; |
| -- | 24 cm. |
| 440 #0 - | |
| -- | Studies in operations research ; |
| -- | 3 |
| 490 ## - | |
| -- | Studies in operations research ; |
| -- | 3 |
| 504 ## - BIBLIOGRAPHY, ETC. NOTE | |
| Bibliography, etc | Bibliography: p. [466]-471. |
| 650 #0 - | |
| -- | Production management |
| -- | Mathematical models. |
| -- | 001-000066 |
| 650 #0 - | |
| -- | System analysis. |
| 942 ## - ADDED ENTRY ELEMENTS (KOHA) | |
| Source of classification or shelving scheme | |
| Item type | Books |
No items available.